Statistics for Common Descriptive Words in Spanish

Click here to take the quiz!

General Stats

  • This quiz has been taken 29,264 times
    (18,745 since last reset)
  • The average score is 19 of 30

Answer Stats

EnglishEspañol% Correct
goodbueno
90%
a lotmucho
85%
largegrande
84%
wellbien
83%
newnuevo
77%
moremás
77%
difficultdifícil
76%
smallpequeño
74%
coldfrio
73%
easyfácil
73%
happyfeliz
66%
fatgordo
66%
badmalo
64%
hotcaliente
64%
fewpoco
64%
tallalto
63%
lessmenos
61%
richrico
60%
bettermejor
60%
uglyfeo
58%
youngjoven
58%
sweetdulce
54%
strongfuerte
51%
readylisto
49%
lowbajo
49%
thindelgado
44%
worsepeor
44%
hardduro
43%
weakdébil
29%
heavypesado
26%

Score Distribution

Percentile by Number Answered

Percent of People with Each Score

Your Score History

You have not taken this quiz since the last reset